Normal view
MARC view
Entry Meeting Name
001 - CONTROL NUMBER
- control field: 11890
003 - CONTROL NUMBER IDENTIFIER
- control field: OSt
005 - DATE AND TIME OF LATEST TRANSACTION
- control field: 20211105133436.0
008 - FIXED-LENGTH DATA ELEMENTS
- fixed length control field: 211105|| aca||aabn | a|a d
040 ## - CATALOGING SOURCE
- Original cataloging agency: OSt
- Transcribing agency: OSt
111 ## - HEADING--MEETING NAME
- Meeting name or jurisdiction name as entry element: Fourth International Conference
- Location of meeting: Florida
- Date of meeting or treaty signing: 1979 Dec.10-15
670 ## - SOURCE DATA FOUND
- Source citation: Work cat.: (OSt): Fourth International Conference Florida 1979 Dec.10-15, Infrared and millimeter waves and their Applications, 1979